[Event "19th Raciborz Open 2019"]
[Site "Raciborz"]
[Date "2019.02.15"]
[Round "9.3"]
[White "Peng, Li Min"]
[Black "Bogdanov, Ignat"]
[Result "1-0"]
[WhiteElo "2451"]
[BlackElo "2051"]
[Annotator "TA"]
[PlyCount "85"]
[EventDate "2019.02.09"]
[EventType "swiss"]
[EventCountry "POL"]
[SourceTitle "playchess.com"]
[Source "ChessBase"]
[SourceQuality "1"]

{[%evp 10,84,20,24,39,32,75,77,129,126,167,153,151,150,152,130,143,119,358,346,354,349,389,399,387,389,592,246,225,203,233,235,236,213,264,262,256,225,275,275,258,232,364,333,366,353,339,364,529,579,556,532,602,610,572,619,712,705,682,650,765,690,687,563,680,679,670,657,1730,1698,2678,2558,29987,29988,29988,29989,29999]} 1. e4 e6 2. d4 d5 3. Nc3 Nf6 4. Bd3 dxe4 5. Nxe4 Nxe4 6. Bxe4 c5 {C10: French with 3 Nc3: Unusual Black 3rd moves and 3...dxe4} 7. Nf3 Nc6 {[%cal Rc6d4]} (7... Nd7 8. Be3 cxd4 9. Bxd4 {½-½ (9) Zakhartsov,V (2541)-Vokac,M (2466) Olomouc 2009}) 8. Be3 Qb6 ({Better is} 8... cxd4 9. Nxd4 Bd7) 9. O-O $16 cxd4 $146 ({Predecessor:} 9... Bd7 10. c3 O-O-O 11. b4 cxb4 12. cxb4 Qxb4 13. Rb1 Qa5 14. Ne5 Qc7 15. Nxf7 Bd6 16. h3 g5 17. Qb3 h5 18. Nxd6+ {1-0 (18) Fine,R-Evans,H Hamilton 1941}) 10. Nxd4 ({Of course not} 10. Bxd4 $6 Nxd4 11. Qxd4 Qxd4 $11) 10... Bc5 {[%cal Rc6d4]} 11. Nxc6 bxc6 12. Qf3 $36 {[%mdl 2048] White is on the roll.} Bd7 13. Rad1 {[#] Hoping for Rxd7!} O-O-O $2 (13... Bxe3 $16 {keeps fighting.} 14. fxe3 f5) 14. Bxc5 $18 Qxc5 15. Qxf7 Qe5 16. Rfe1 Rhf8 17. Qe7 {Black must now prevent Rxd7!} Qf6 (17... Qf4 {was necessary.} 18. Bf3 Qc7 19. Qxg7 Kb8) 18. Qxf6 (18. Qc5 $142) 18... gxf6 19. f4 f5 20. Bf3 Kc7 21. Kf2 Rb8 22. b3 {[%cal Bb2b3,Bb3b4][%mdl 32]} Rb4 23. g3 a5 24. a3 Rb5 25. Re3 a4 (25... Rc5 $142 26. Rc1 a4) 26. b4 ({Weaker is} 26. bxa4 Rc5 $16) 26... Re8 27. c4 Rbb8 28. Re5 Re7 (28... Bc8 $142 29. Ra5 Bb7) 29. Ra5 Rb7 30. Ke3 h5 31. h4 Rg7 32. Kf2 Be8 33. Rxa4 Re7 34. Ra5 Bf7 35. Rc5 Be8 36. Rd3 Ra7 {[#]} 37. Bxc6 $1 {[%mdl 512]} Bxc6 38. b5 e5 39. Rxc6+ Kb7 40. fxe5 {[%mdl 64] Overworked Piece} Rxe5 41. Rd7+ {White mates.} Kb8 42. Rb6+ Ka8 43. Rd8# {Accuracy: White = 81%, Black = 18%.} 1-0

[Event "19th Raciborz Open 2019"]
[Site "Raciborz"]
[Date "2019.02.15"]
[Round "9.4"]
[White "Adamczyk, Piotr"]
[Black "Frolov, Artur"]
[Result "0-1"]
[WhiteElo "1820"]
[BlackElo "2447"]
[Annotator "TA"]
[PlyCount "64"]
[EventDate "2019.02.09"]
[EventType "swiss"]
[EventCountry "POL"]
[SourceTitle "playchess.com"]
[Source "ChessBase"]
[SourceQuality "1"]

{[%evp 13,64,53,75,41,53,52,51,38,52,57,50,14,44,0,28,0,0,-41,-15,-43,-33,-38,-24,-44,-53,-114,-109,-120,-59,-137,-141,-133,-123,-189,-187,-218,-214,-198,-202,-261,-139,-401,-408,-398,-392,-463,-464,-437,-448,-540,-541,-593,-579]} 1. e4 c5 2. Nf3 Nc6 3. d4 cxd4 4. Nxd4 e6 5. Nc3 d6 6. Be3 Nge7 7. Be2 {B54: Sicilian: 2...d6 3 d4 cxd4 4 Nxd4, Unusual Lines} a6 {LiveBook: 5 Games} (7... Ng6 8. Qd2 Be7 9. O-O-O a6 10. Kb1 Bd7 11. f4 O-O 12. Nf3 b5 13. h4 Qa5 14. h5 b4 {1-0 (43) Edouard,R (2607)-Boensch,U (2563) Germany 2018}) 8. a4 Nxd4 9. Qxd4 {White is slightly better.} Nc6 10. Qb6 Qxb6 11. Bxb6 Bd7 12. O-O $146 ({Predecessor:} 12. O-O-O Rc8 13. Na2 Ne5 14. b3 g5 {1-0 (57) Pastukhov,I (2230)-Frolov,A (2459) Mukachevo 2016}) 12... Rc8 13. f4 Rg8 14. f5 g6 15. f6 Ne5 16. Bd4 h5 17. h3 h4 18. Bf2 g5 19. g4 (19. Kh2 $15) 19... hxg3 $1 $17 20. Bxg3 g4 (20... Nc4 $17 21. Bxc4 Rxc4) 21. hxg4 (21. h4 $15) 21... Nxg4 22. Bxg4 Rxg4 23. Kh2 (23. Kg2 $17) 23... Rc5 24. Rf4 Rh5+ 25. Kg2 Rg6 26. Kf2 Rh3 (26... d5 $19 {aiming for ...Bc5+.} 27. Rh4 Rxh4 28. Bxh4 dxe4) 27. Ne2 $2 {[%mdl 8192] [#]} (27. Rf3 $17 {was the only chance.}) 27... e5 $19 28. Rf3 Bg4 29. Ng1 Bxf3 {Black is clearly winning.} 30. Nxh3 Bxe4 31. Rg1 Rxf6+ 32. Ke3 Bxc2 {Precision: White = 15%, Black = 68%.} 0-1

[Event "19th Raciborz Open 2019"]
[Site "Raciborz"]
[Date "2019.02.15"]
[Round "9.5"]
[White "Malecki, Rafal"]
[Black "Grabarczyk, Miroslaw"]
[Result "1/2-1/2"]
[WhiteElo "2036"]
[BlackElo "2374"]
[Annotator "TA"]
[PlyCount "15"]
[EventDate "2019.02.09"]
[EventType "swiss"]
[EventCountry "POL"]
[SourceTitle "playchess.com"]
[Source "ChessBase"]
[SourceQuality "1"]

{[%evp 9,15,31,64,39,57,55,57,5]} 1. b3 d5 2. Bb2 Nf6 3. e3 Nc6 4. Nf3 (4. d3 g6 5. Nd2 Bg7 6. a3 O-O 7. Be2 e5 8. g4 Re8 9. h4 h6 10. Nh3 Nh7 11. h5 g5 {0-1 (39) Vasilevich,I (2305)-Kosteniuk,A (2534) Rome 2015}) 4... a6 5. c4 e6 {White is slightly better.} 6. a3 {A01: Nimzowitsch-Larsen Opening} Be7 7. Qc2 $146 ({Predecessor:} 7. d4 b6 8. Nbd2 Bb7 9. Rc1 O-O 10. Be2 Nd7 11. O-O {0-1 (59) Fortuit,E (1930)-Voisembert,A (2121) France 2006}) 7... O-O 8. Qd1 (8. d4 $14) 1/2-1/2

[Event "19th Raciborz Open 2019"]
[Site "Raciborz"]
[Date "2019.02.15"]
[Round "9.6"]
[White "Nester, Ihor"]
[Black "Tymrakiewicz, Rafal"]
[Result "0-1"]
[WhiteElo "2369"]
[BlackElo "2194"]
[Annotator "TA"]
[PlyCount "64"]
[EventDate "2019.02.09"]
[EventType "swiss"]
[EventCountry "POL"]
[SourceTitle "playchess.com"]
[Source "ChessBase"]
[SourceQuality "1"]

{[%evp 23,64,5,23,24,21,4,8,11,26,32,52,42,42,42,37,41,77,0,16,14,72,75,241,184,257,222,251,266,247,234,332,-1125,-974,-29991,-29992,-29992,-29993,-29994,-29995,-29995,-29996,-29997,-29998]} 1. Nf3 Nf6 2. c4 g6 3. g3 Bg7 4. Bg2 d6 5. d4 {[%cal Bd2d4,Bd4d5][%mdl 32]} O-O 6. O-O Nc6 7. Nc3 e5 8. d5 Nb8 9. Ne1 {E62: King's Indian: Fianchetto: 6...c6 and Panno Variation (6...Nc6) without ...a6} (9. e4 a5 10. Ne1 Na6 11. Bg5 h6 12. Be3 Ng4 13. Bd2 f5 14. Nd3 b6 15. f3 Nf6 16. Be3 Nc5 17. Nxc5 bxc5 {0-1 (26) Ivanchuk,V (2714)-Amin,B (2709) Zagreb 2018}) 9... Nfd7 10. Nd3 a5 11. e4 Na6 12. Be3 b6 {LiveBook: 4 Games} 13. a3 Ndc5 14. Rb1 $146 ({Predecessor:} 14. Ne1 Bd7 15. b3 f5 16. f3 Qe8 17. Rb1 a4 18. b4 Nb3 19. Nd3 f4 20. Bf2 h5 21. c5 bxc5 22. bxc5 Naxc5 23. Nxc5 {½-½ (23) Akhvlediani,I (2120)-Risting,E (2347) Prague 2016}) 14... Nxd3 15. Qxd3 Nc5 16. Qc2 a4 17. Bxc5 $1 bxc5 18. Nxa4 f5 19. b4 f4 20. Rfe1 (20. bxc5 $16 f3 21. Bh1) 20... Bd7 21. Nc3 {[%cal Ba4c3,Bc3b5,Bb5c7][%mdl 32]} Qg5 (21... h5 $11 {keeps the balance.}) 22. bxc5 $16 f3 $2 (22... dxc5 $16 {was worth a try.} 23. Rb7 Qd8) 23. Bf1 Qh5 (23... dxc5 $142 24. Rb7 Qd8) 24. cxd6 cxd6 25. Nb5 $1 Rf6 {White must now prevent ...g5.} 26. Nc7 $1 {[%cal Rc7a8]} Bh3 (26... g5 $142 27. Ne6 (27. Nxa8 Rh6 $15) 27... Bxe6 28. dxe6 Re8) 27. Bd3 $4 {[%mdl 8192]} (27. Nxa8 $2 {too greedy.} Bxf1 28. Qb3 (28. Rxf1 {is a self mate.} Qh3 29. Rb8+ Bf8 30. Rxf8+ Rxf8 31. Kh1 Qxf1#) 28... Qh3 $19) (27. Qd3 $18 Rc8 28. Ne6 $1 {[%mdl 512]}) 27... g5 28. Nxa8 Bg2 {Black mates.} 29. Rb8+ {[#]} Bf8 $1 30. h4 Qg4 31. Qd2 {[#]} h6 $1 32. hxg5 {[#]} Qh3 $1 {[%mdl 512] Precision: White = 61%, Black = 29%.} 0-1

[Event "19th Raciborz Open 2019"]
[Site "Raciborz"]
[Date "2019.02.15"]
[Round "9.7"]
[White "Bogdanov, Egor"]
[Black "Drozniak, Stanislaw"]
[Result "1-0"]
[WhiteElo "2418"]
[BlackElo "2048"]
[Annotator "TA"]
[PlyCount "49"]
[EventDate "2019.02.09"]
[EventType "swiss"]
[EventCountry "POL"]
[SourceTitle "playchess.com"]
[Source "ChessBase"]
[SourceQuality "1"]

{[%evp 21,49,14,14,20,15,7,4,1,6,4,37,31,55,51,239,235,277,305,300,308,591,589,1047,1039,29995,29996,29996,29997,29998,29999]} 1. e4 c5 2. c3 d5 3. exd5 Qxd5 4. d4 Nc6 5. Nf3 Bg4 6. Be2 cxd4 7. cxd4 e6 8. Nc3 Qa5 9. O-O Nf6 10. h3 Bh5 11. Qb3 Qb4 12. g4 {B22: Sicilian: 2 c3} (12. Be3 Bd6 13. Nb5 O-O 14. Nxd6 Qxd6 15. Rac1 Rab8 16. Rfd1 Nd5 17. Rc5 Rfd8 18. Qa3 h6 19. Rdc1 a6 {0-1 (30) Looshnikov,N (2500)-Amonatov,F (2634) Moscow 2010}) 12... Bg6 13. Bb5 a6 14. Bxc6+ {The position is equal.} bxc6 15. Ne5 Rc8 16. Bf4 $146 ({Predecessor:} 16. Be3 Bd6 17. Qxb4 Bxb4 18. Rfc1 O-O 19. Na4 Be4 {1-0 (30) Espinosa,J (2282)-Fleites Marti,Y (2190) Cartagena 2012}) 16... c5 17. d5 $36 {[%mdl 2048] White has some pressure.} Qxb3 $2 {[#]} (17... Qxf4 18. Qb7 $16) ({Black should try} 17... c4 $14 18. Qd1 Bc5) 18. axb3 $18 Nxd5 19. Nxd5 exd5 20. Rfe1 (20. Rxa6 f6 $16) 20... Kd8 $2 (20... Be4 {was necessary.} 21. f3 (21. Rxa6 c4 $18) 21... f6) 21. Rxa6 f6 22. Nc6+ Kd7 23. Ra7+ {White mates.} Kxc6 24. Re6+ Kb5 25. Rb7+ {Accuracy: White = 85%, Black = 16%.} 1-0

[Event "19th Raciborz Open 2019"]
[Site "Raciborz"]
[Date "2019.02.15"]
[Round "9.8"]
[White "Piankov, Evgenij"]
[Black "Polok, Kacper"]
[Result "1/2-1/2"]
[WhiteElo "2225"]
[BlackElo "2311"]
[Annotator "TA"]
[PlyCount "122"]
[EventDate "2019.02.09"]
[EventType "swiss"]
[EventCountry "POL"]
[SourceTitle "playchess.com"]
[Source "ChessBase"]
[SourceQuality "1"]

{[%evp 23,122,20,29,9,11,8,13,10,17,8,15,18,13,0,0,0,20,0,20,18,42,34,22,29,18,-6,112,102,114,94,143,-12,-18,-27,0,0,0,0,0,0,0,0,0,0,0,0,0,0,89,72,75,39,49,0,0,0,66,8,12,0,0,-12,-22,-28,-18,-15,-17,-45,-30,-43,0,0,0,-33,-17,-16,-32,-62,0,0,0,-57,73,59,16,8,8,0,8,8,99,63,85,109,250,250,270,270,270,0,0]} 1. d4 e6 2. Nf3 Nf6 3. c4 Bb4+ 4. Bd2 Qe7 5. g3 Nc6 6. Bg2 Bxd2+ 7. Nbxd2 d6 8. O-O e5 9. d5 Nb8 {[%cal Bc6b8,Bb8a6,Ba6b4][%mdl 32]} 10. e4 a5 11. b3 O-O 12. a3 Bg4 {LiveBook: 3 Games} 13. Qc2 {E11: Bogo-Indian} c6 14. b4 $146 ({Predecessor:} 14. Nh4 cxd5 15. exd5 Na6 16. Qc3 Qd8 17. f4 exf4 18. Rxf4 Bd7 19. h3 Nh5 {½-½ (19) Kunsztowicz,U (2325)-Cladouras,P (2325) Germany 1986}) 14... Na6 15. Qb3 axb4 16. axb4 c5 17. b5 Nb4 18. Ra4 Rxa4 19. Qxa4 Ne8 {[%cal Bf6e8,Be8g7,Bg7f5,Bf5d4][%mdl 32]} 20. Nh4 g6 21. Qb3 Ng7 22. Ra1 g5 23. Nhf3 f5 24. Ne1 fxe4 (24... f4 $11) 25. h3 $16 ({Reject} 25. Nxe4 $6 Nf5 $11) 25... Bc8 26. Nxe4 Nf5 27. Nd3 $2 (27. Qd1 $16) 27... Nd4 $11 28. Qd1 Nxd3 29. Qxd3 Bf5 30. Ra2 h6 31. Qd1 Kg7 32. Ra7 Qd7 33. Qd3 Rf7 34. Qe3 Bxe4 35. Qxe4 Qf5 (35... Qd8 $11) 36. Qxf5 $16 Nxf5 {[%mdl 4096] Endgame KRB-KRN} 37. Be4 Nd4 38. Ra8 Rf8 $1 {[%cal Rf8a8]} 39. Ra7 (39. Ra2 $11) 39... Rf7 $14 40. Kg2 ({Better is} 40. Kf1 $1 $14) 40... Nb3 $11 41. Bf3 Kf6 42. Bh5 Re7 43. Ra8 {Threatens to win with Rd8.} e4 $1 44. Rh8 Ke5 45. Rxh6 Nd2 46. Be2 Kd4 47. Rxd6 Nxc4 48. Rd8 Ne5 {[%mdl 1024] Black has compensation.} 49. d6 $1 {[%cal Rd6e7]} Rf7 50. Rc8 c4 ({Black should try} 50... Rd7 $1 $15) 51. Rc7 {Bxc4! is the strong threat.} c3 52. Bd1 (52. Bg4 $11) 52... Rd7 (52... Rf6 $1 $15 {keeps the upper hand.}) 53. Rxd7 $1 $16 Nxd7 {KB-KN} 54. Bc2 Ke5 55. f3 Kxd6 56. fxe4 Kc5 {[#]} (56... Nf6 $11) 57. h4 $1 {[%cal Rh4h5]} gxh4 58. gxh4 {[%cal Bg3h4,Bh4h5,Bh5h6][%mdl 32] Hoping for h5.} Kxb5 (58... Ne5 $16) 59. h5 $18 Kc4 60. h6 Nf8 {[#]} 61. e5 $2 ({White has to play} 61. Kg3 $1 $18) 61... Kd5 {Precision: White = 49%, Black = 45%.} 1/2-1/2

[Event "19th Raciborz Open 2019"]
[Site "Raciborz"]
[Date "2019.02.15"]
[Round "9.9"]
[White "Piotrowski, Przemyslaw"]
[Black "Niedbala, Bartlomiej"]
[Result "0-1"]
[WhiteElo "2285"]
[BlackElo "1949"]
[Annotator "TA"]
[PlyCount "78"]
[EventDate "2019.02.09"]
[EventType "swiss"]
[EventCountry "POL"]
[SourceTitle "playchess.com"]
[Source "ChessBase"]
[SourceQuality "1"]

{[%evp 17,78,27,89,35,54,24,18,-6,-5,-8,-20,-10,0,-3,0,-4,0,12,16,-33,-28,-70,-60,-161,-159,-160,-146,-155,-165,-161,-159,-161,-154,-277,-137,-147,-145,-246,-241,-235,-232,-272,-226,-235,-207,-225,-237,-29987,-29979,-29988,-29987,-29991,-29992,-29992,-29993,-29993,-29991,-29991,-29992,-29992,-29993,-29993,-29984]} 1. c4 e5 2. Nc3 Nc6 3. g3 f5 4. Bg2 Nf6 5. e3 e4 6. d4 Bb4 7. Nge2 O-O 8. O-O {A25: English Opening vs King's Indian with ...Nc6 but without early d3} Bxc3 9. Nxc3 d6 {LiveBook: 5 Games} (9... Ne7 $11) 10. Rb1 (10. f3 $16) (10. f3 exf3 11. Qxf3 Bd7 12. b3 Rb8 13. Bb2 Qe8 14. Rae1 Qg6 15. Qd1 Ne7 16. e4 fxe4 17. Nxe4 Nxe4 18. Rxe4 Rxf1+ 19. Qxf1 {½-½ (67) Granda Zuniga,J (2663)-Caruana,F (2801) Tromsoe 2014}) 10... Bd7 $146 ({Predecessor:} 10... Qe8 11. b4 Nd8 12. Nb5 Ne6 13. d5 a6 14. Nd4 Ng5 15. Bb2 Bd7 16. h4 {0-1 (28) Pepping,S (2002)-Terraz,C (2126) Germany 2005}) 11. b4 Be8 12. f4 d5 13. cxd5 Ne7 14. a4 Nexd5 15. Nxd5 Qxd5 16. Qc2 Qd7 17. b5 Nd5 18. Ba3 Rf6 $1 19. Qd2 a6 {[%cal Ra6b5]} 20. bxa6 ({White should play} 20. Rb3 $15) 20... Rfxa6 $19 21. Rxb7 Rxa4 22. Bc5 Ra2 23. Rb2 Rxb2 24. Qxb2 Nxe3 {[#] Hoping for ...Qd5.} 25. Qb7 (25. Qb3+ $17 {is a better defense.} Nd5 26. Re1) 25... Qc6 ({Less strong is} 25... Nxf1 26. Qxa8 Ne3 27. Bh3 $17) (25... Qa4 $19 {and Black stays clearly on top. ( -> ...Qc2)} 26. Rb1 Bc6) 26. Qb3+ $17 Nd5 27. Rc1 (27. Bh3 $17) 27... Bf7 $19 28. Qb2 Qg6 29. Ra1 Rxa1+ 30. Qxa1 {Black must now prevent Qa8+.} h6 31. Qa8+ Kh7 32. Qf8 $2 {[#]} (32. Qa1 $19) 32... Qh5 {Black mates.} 33. h3 Qe2 34. Qa8 Ne3 {[%csl Ge3][%cal Re2g2]} 35. Bxe4 Qe1+ 36. Kh2 Qf2+ 37. Kh1 fxe4 38. Qxe4+ Bg6 {[%cal Rg6e4]} 39. Qc6 Nf1 {Precision: White = 32%, Black = 63%.} 0-1

[Event "19th Raciborz Open 2019"]
[Site "Raciborz"]
[Date "2019.02.15"]
[Round "9.10"]
[White "Polczyk, Mikolaj"]
[Black "Kowalczyk, Rafal"]
[Result "1-0"]
[WhiteElo "2052"]
[BlackElo "2234"]
[Annotator "TA"]
[PlyCount "75"]
[EventDate "2019.02.09"]
[EventType "swiss"]
[EventCountry "POL"]
[SourceTitle "playchess.com"]
[Source "ChessBase"]
[SourceQuality "1"]

{[%evp 16,75,20,5,104,107,241,235,212,247,242,236,244,233,260,261,254,252,291,279,266,264,223,192,199,202,218,218,288,288,401,400,402,401,397,393,450,439,440,395,432,430,401,335,373,352,668,666,665,668,1030,1027,1010,683,621,0,1000,1010,1009,910,29993,29994]} 1. d4 Nf6 2. c4 e6 3. Nf3 d5 4. g3 Be7 5. Bg2 O-O 6. O-O dxc4 7. Qc2 b5 8. a4 {E05: Open Catalan: 5 Nf3 Be7} b4 9. Bg5 {LiveBook: 9 Games} (9. Nfd2 c6 10. Nxc4 Qxd4 11. Rd1 Qc5 12. b3 Ba6 13. Nbd2 Nbd7 14. Bb2 Rad8 15. e3 Qh5 {0-1 (38) Maghsoodloo,P (2688)-Nakamura,H (2746) St Petersburg 2018}) 9... Bb7 {[#]} (9... Ba6 $11) 10. Bxf6 $1 $16 {White is better.} Bxf6 {[#]} (10... b3 $16 {was necessary.} 11. Bxe7 (11. Qxc4 Bxf6 12. Qxb3 Qc8 $16) 11... bxc2 12. Bxd8 cxb1=R 13. Raxb1 (13. Rfxb1 Rxd8 14. e3 Nd7 $14) 13... Rxd8) 11. Ng5 $1 $18 {[%mdl 512]} Bxg5 12. Bxb7 Nd7 13. Bxa8 Qxa8 14. Qxc4 Rb8 $146 ({Predecessor:} 14... Qb7 15. Qb5 Qxb5 16. axb5 {1-0 (55) Afonasieva,A (2193)-Parol,P (2104) Riga 2018}) 15. Rd1 Nb6 16. Qb3 ({Resist} 16. Qxc7 $6 Rc8 $16) 16... Bf6 17. Qxb4 Nd5 18. Qd2 c5 19. e3 cxd4 20. exd4 Rb4 21. Nc3 {Hoping for Nxd5.} Rxd4 22. Qe2 Rb4 23. Nxd5 exd5 {[#]} 24. Rxd5 $3 {[%mdl 512]} Rxb2 (24... Qxd5 25. Qe8#) 25. Qd3 h6 26. Rc1 Bg5 {Black hopes to continue with ...Rd2.} 27. Rd1 Qc6 28. Qe4 {Threatening mate with Rd8+!} Qb6 29. Qd4 Ra2 30. Rb5 Qc7 $2 (30... Qc6 31. Rb8+ Kh7 32. Qxa7 Qf3) 31. Qe4 Be7 32. Rb7 Qc5 33. Rb8+ Bf8 34. Qd4 {Intending Qxc5 and mate.} Kh7 35. Qe4+ (35. Qf4 $142 Be7 36. Qxf7) 35... Kg8 $1 36. Qf4 Qc6 37. Qe3 g6 38. Qe7 {Precision: White = 87%, Black = 35%.} 1-0